[Event "Omegna op 4th"]
[Site "Omegna"]
[Date "2016.08.05"]
[Round "1"]
[White "Benenati, Gianfranco"]
[Black "Mina, Marco"]
[Result "1-0"]
[WhiteElo "1817"]
[BlackElo "2057"]
[PlyCount "128"]
[EventDate "2016.08.05"]
[EventType "swiss"]
[EventRounds "5"]
[EventCountry "ITA"]
[SourceTitle "EXT 2018"]
[Source "ChessBase"]
[SourceDate "2017.10.13"]
[SourceVersion "1"]
[SourceVersionDate "2017.10.13"]
[SourceQuality "1"]

1. e4 e6 2. d4 d5 3. e5 c5 4. c3 Qb6 5. Nf3 Nc6 6. Be2 cxd4 7. cxd4 Nh6 8. Nc3 Nf5 9. Na4 Qa5+ 10. Bd2 Bb4 11. Bc3 b5 12. a3 Bxc3+ 13. Nxc3 b4 14. axb4 Qxb4 15. Bb5 Bd7 16. Bxc6 Bxc6 17. Qd2 0-0 18. 0-0 a5 19. g4 Ne7 20. h4 f5 21. exf6 Rxf6 22. Ne5 Bb5 23. Rfd1 Ba6 24. Ra4 Qb6 25. Nd7 Qc7 26. Nxf6+ gxf6 27. Re1 Kf7 28. Ne2 Rg8 29. f3 Nc6 30. Nf4 Rd8 31. Ra3 Qb6 32. Rd1 Bc4 33. Kg2 Bb3 34. Rxb3 Qxb3 35. Nh5 Ke7 36. Rc1 Rc8 37. Rc3 Qb6 38. Qc2 Kd6 39. Qd2 Rf8 40. Qf4+ Ke7 41. Qc1 Kd7 42. Qc2 Rf7 43. Qa4 Kd6 44. Qa3+ Qb4 45. Rd3 Qxa3 46. bxa3 e5 47. dxe5+ fxe5 48. Ng3 Nd4 49. h5 Ne6 50. Rb3 Kc5 51. Rc3+ Kb5 52. Re3 Nf4+ 53. Kh2 Kc4 54. Rxe5 d4 55. Ne4 Kb3 56. Rxa5 d3 57. Nc5+ Kc2 58. Ne4 Kd1 59. Rb5 d2 60. Rb2 Rd7 61. Rxd2+ Rxd2+ 62. Nxd2 Kxd2 63. Kg3 Kc3 64. a4 Ne6 1-0

[Event "Vaujany op-A 7th"]
[Site "Vaujany"]
[Date "2016.07.22"]
[Round "7"]
[White "Mina, Marco"]
[Black "Favarel, Camille"]
[Result "0-1"]
[WhiteElo "2009"]
[BlackElo "2256"]
[PlyCount "88"]
[EventDate "2016.07.16"]
[EventType "swiss"]
[EventRounds "9"]
[EventCountry "FRA"]
[SourceTitle "EXT 2019"]
[Source "ChessBase"]
[SourceDate "2018.10.10"]
[SourceVersion "1"]
[SourceVersionDate "2018.10.10"]
[SourceQuality "1"]

1. e4 c6 2. d4 d5 3. exd5 cxd5 4. c4 Nf6 5. Nc3 Nc6 6. Bg5 dxc4 7. d5 Ne5 8. Qd4 h6 9. 0-0-0 Nd3+ 10. Bxd3 cxd3 11. Bxf6 gxf6 12. Qxd3 Bd7 13. Nf3 Bg7 14. Nd4 Qc8 15. d6 e6 16. Rhe1 Kf8 17. Ndb5 Qc5 18. Kb1 f5 19. Rc1 Rd8 20. Red1 Bc6 21. Na3 Qxf2 22. Rd2 Qf4 23. Nc4 b5 24. Na5 Ba8 25. g3 Qb4 26. Nb3 Kg8 27. Qe3 a6 28. Qb6 Bf6 29. Qc5 Qxc5 30. Nxc5 Bg5 31. Rcd1 Bxd2 32. Rxd2 b4 33. N3a4 a5 34. Nb6 Bc6 35. d7 Kf8 36. Nc4 Be4+ 37. Kc1 Ke7 38. Nxe4 fxe4 39. Ne5 Kf6 40. Nc6 Kf5 41. Rd1 f6 42. Ne7+ Kg5 43. Kc2 Rh7 44. Nc6 Rdxd7 0-1

[Event "Torino-ch"]
[Site "Torino"]
[Date "2015.11.30"]
[Round "5"]
[White "Mina, Marco"]
[Black "Pulito, Alberto"]
[Result "0-1"]
[WhiteElo "1995"]
[BlackElo "2291"]
[PlyCount "96"]
[EventDate "2015.11.02"]
[EventType "tourn"]
[EventRounds "7"]
[EventCountry "ITA"]
[SourceTitle "EXT 2018"]
[Source "ChessBase"]
[SourceDate "2017.10.13"]
[SourceVersion "1"]
[SourceVersionDate "2017.10.13"]
[SourceQuality "1"]

1. e4 b6 2. d4 Bb7 3. Bd3 e6 4. Nf3 Nf6 5. Qe2 d5 6. e5 Nfd7 7. 0-0 Be7 8. Nbd2 c5 9. c3 Nc6 10. Ba6 Bxa6 11. Qxa6 Qc8 12. Qe2 0-0 13. Rd1 cxd4 14. cxd4 a5 15. Nf1 Qa6 16. Ng3 Qxe2 17. Nxe2 b5 18. Nc3 Rab8 19. Be3 Rfc8 20. a4 bxa4 21. Nxa4 Nb4 22. Ne1 f6 23. exf6 Bxf6 24. Rac1 Kf7 25. Kf1 Rc6 26. Ke2 Rbc8 27. Nd3 Nc2 28. Ndc5 Nxc5 29. Nxc5 Nxd4+ 30. Bxd4 Bxd4 31. Rxd4 Rxc5 32. Rxc5 Rxc5 33. Kd3 e5 34. Ra4 Rb5 35. Kc2 Ke6 36. f3 Kf5 37. Rh4 h6 38. g3 Kf6 39. Rh5 Rc5+ 40. Kd2 Rb5 41. Kc3 a4 42. Kc2 Ke6 43. g4 Rb4 44. g5 hxg5 45. Rxg5 Kf6 46. Rg1 g5 47. Rd1 d4 48. Rh1 Kf5 0-1

[Event "Torino-ch"]
[Site "Torino"]
[Date "2015.11.16"]
[Round "3"]
[White "Mina, Marco"]
[Black "Pepino, Enrico"]
[Result "1-0"]
[WhiteElo "1995"]
[BlackElo "2136"]
[PlyCount "133"]
[EventDate "2015.11.02"]
[EventType "tourn"]
[EventRounds "7"]
[EventCountry "ITA"]
[SourceTitle "EXT 2018"]
[Source "ChessBase"]
[SourceDate "2017.10.13"]
[SourceVersion "1"]
[SourceVersionDate "2017.10.13"]
[SourceQuality "1"]

1. e4 c5 2. Ne2 Nc6 3. d4 cxd4 4. Nxd4 g6 5. c4 Bg7 6. Be3 Nf6 7. Nc3 0-0 8. Be2 d6 9. 0-0 Bd7 10. Qd2 Nxd4 11. Bxd4 Bc6 12. f3 a5 13. b3 Nd7 14. Bxg7 Kxg7 15. Kh1 Nc5 16. Rfd1 Qb6 17. Rab1 Kg8 18. Bf1 Rfd8 19. Nd5 Bxd5 20. cxd5 Qb4 21. Qb2 Rdc8 22. a3 Qb6 23. Qd4 Nd7 24. Qxb6 Nxb6 25. Rdc1 Kf8 26. g3 e6 27. dxe6 fxe6 28. Kg1 Ke7 29. Kf2 Rc6 30. Bb5 Rc5 31. Rxc5 dxc5 32. Ke3 Nc8 33. Rc1 b6 34. Bc6 Ra7 35. e5 Rc7 36. Be4 Na7 37. a4 Rd7 38. h4 Kf8 39. Kf4 Kg7 40. h5 Rf7+ 41. Ke3 Rd7 42. g4 Nc8 43. b4 axb4 44. hxg6 hxg6 45. a5 Rc7 46. a6 Rd7 47. f4 Na7 48. f5 exf5 49. gxf5 gxf5 50. Bxf5 Re7 51. Ke4 Nb5 52. Rg1+ Kf8 53. e6 Rg7 54. Rh1 Ke7 55. Ke5 b3 56. Rb1 c4 57. Rd1 c3 58. Rd7+ Kf8 59. Rd8+ Ke7 60. Rd7+ Kf8 61. Kf6 Nc7 62. Rd8+ Ne8+ 63. Rxe8+ Kxe8 64. Kxg7 c2 65. a7 c1Q 66. a8Q+ Ke7 67. Qf8# 1-0

[Event "Vaujany op-A 6th"]
[Site "Vaujany"]
[Date "2015.07.11"]
[Round "3"]
[White "Mina, Marco"]
[Black "Gazik, Igor"]
[Result "0-1"]
[WhiteElo "2010"]
[BlackElo "2320"]
[PlyCount "54"]
[EventDate "2015.07.09"]
[EventType "swiss"]
[EventRounds "9"]
[EventCountry "FRA"]
[SourceTitle "EXT 2016"]
[Source "ChessBase"]
[SourceDate "2015.10.08"]
[SourceVersion "1"]
[SourceVersionDate "2015.10.08"]
[SourceQuality "1"]

1. e4 e5 2. Nf3 d6 3. d4 Nd7 4. Bc4 c6 5. Nc3 Be7 6. Ng5 Bxg5 7. Qh5 d5 8. Bxg5 g6 9. exd5 gxh5 10. Bxd8 Kxd8 11. dxc6 bxc6 12. Bxf7 exd4 13. Ne2 Ne5 14. Bxh5 Nf6 15. Ng3 Nxh5 16. Nxh5 Kc7 17. Nf6 Bf5 18. 0-0-0 d3 19. Rde1 Ng6 20. g4 Rad8 21. Re3 d2+ 22. Kd1 Bc8 23. Re4 Rhf8 24. g5 Bf5 25. Re3 Nf4 26. Rg1 Nh3 27. Rg2 Bxc2+ 0-1